Revelation 17 : (Record no. 17179)

MARC details
000 -LEADER
fixed length control field 00585nam a22001817a 4500
003 - CONTROL NUMBER IDENTIFIER
control field AUA.1
005 - DATE AND TIME OF LATEST TRANSACTION
control field 20201001115145.0
008 - FIXED-LENGTH DATA ELEMENTS--GENERAL INFORMATION
fixed length control field 161116b xxu||||| |||| 00| 0 eng d
040 ## - CATALOGING SOURCE
Transcribing agency JTL
050 ## - LIBRARY OF CONGRESS CALL NUMBER
Classification number BX6122.L38
245 ## - TITLE STATEMENT
Title Revelation 17 :
Remainder of title the mystery of Babylon /
Statement of responsibility, etc Ministry Media.
Medium Videorecording
260 ## - PUBLICATION, DISTRIBUTION, ETC. (IMPRINT)
Place of publication, distribution, etc Derby :
Name of publisher, distributor, etc The Advent Truth,
300 ## - PHYSICAL DESCRIPTION
Extent 2 videodiscs :
Other physical details Sound, color ;
Dimensions 4 3/4 in.
511 ## - PARTICIPANT OR PERFORMER NOTE
Participant or performer note Presented by Manjit Biant
650 ## - SUBJECT ADDED ENTRY--TOPICAL TERM
Topical term or geographic name as entry element Latter rain (Doctrines)
General subdivision Seventh-day Adventists
650 ## - SUBJECT ADDED ENTRY--TOPICAL TERM
Topical term or geographic name as entry element Loud cry (Doctrines)
General subdivision Seventh-day Adventists
942 ## - ADDED ENTRY ELEMENTS (KOHA)
Source of classification or shelving scheme AUA Inhouse Classification
Koha item type Audiovisual Item
Holdings
Withdrawn status Lost status Source of classification or shelving scheme Damaged status Not for loan Collection code Home library Current library Shelving location Date acquired Serial Enumeration / chronology Full call number Date last seen Cost, replacement price Price effective from Koha item type
    Library of Congress Classification     Audio-Visual Judith Thomas Library Judith Thomas Library Audio-Visuals 16/11/2016 AV56 MSR7 16/11/2016 14.00 16/11/2016 Audiovisual Item